=LDR 00000nam 2200000 4500 =001 INLIS000000000053603 =005 20181022020705 =035 ##$$a 0010-1018000218 =245 1#$$a KETAHANAN PEREKONOMIAN INDONESIA : $b di Tengah Ketidakpastian Ekonomi global /$c Bank Indonesia =100 #$$a KETAHANAN PEREKONOMIAN INDONESIA =300 ##$$a 254 hlm : $b Ilus ; $c 17x24 cm =260 ##$$a Jakarta :$b Bank Indonesia,$c 2011 =082 ##$$a 330.9598 =084 ##$$a 330.9598 KET k =022 ##$$a 0522-2572 =650 ##$$a Situasi dan Kondisi Ekonomi Indonesia